Stationen des M85 in Berlin - Statistiken

Allgemein
  • Dieses Quiz wurde 21 mal gespielt
    2 seit der letzten Aktualisierung
  • Das Durchschnittsergebnis liegt bei 7 aus 40
Antwortstatistiken
Station Name % Korrekt
37 Varian-Fry-Str./​Potsdamer Platz
100%
12 Bäkestr.
50%
27 Dominicusstr./​Hauptstr.
50%
31 Goebenstr.
50%
11 Goerzallee/​Drakestr.
50%
15 Hindenburgdamm/​Klingsorstr.
50%
25 S+U Innsbrucker Platz
50%
18 S+U Rathaus Steglitz
50%
32 U Bülowstr.
50%
30 U Kleistpark
50%
20 U Schloßstr.
50%
21 U Walther-Schreiber-Platz
50%
2 Ahlener Weg
0%
28 Albertstr.
0%
8 Appenzeller Str.
0%
10 Bremer Str.
0%
23 Breslauer Platz
0%
14 Charité - Campus B. Franklin
0%
9 Engadiner Weg
0%
5 Feldstr.
0%
24 Hähnelstr.
0%
17 Händelplatz
0%
26 Hauptstr./​Martin-Luther-Str.
0%
22 Kaisereiche
0%
19 Kieler Str.
0%
13 Krahmerstr./​Stockweg
0%
36 Kulturforum
0%
39 Leipziger Str./​Wilhelmstr.
0%
3 Lippstädter Str.
0%
34 Lützowstr./​Potsdamer Str.
0%
16 Manteuffelstr.
0%
4 Ostpreußendamm Süd
0%
35 Potsdamer Brücke
0%
7 Prettauer Pfad
0%
29 Richard-von-Weizsäcker-Platz
0%
1 S Lichterfelde Süd
0%
38 S Potsdamer Platz/​Voßstr.
0%
33 U Kurfürstenstr.
0%
40 U Stadtmitte
0%
6 Wismarer Str.
0%
Keine übereinstimmenden Quizze gefunden
Verteilung der Resultate
Anzahl Personen mit jedem Resultat
Perzentil nach korrekt beantworteten Fragen
Ihre Resultats-Entwicklung
Sie haben dieses Quiz seit der letzten Aktualisierung nicht gespielt